[Event "Australian Open 2015"]
[Site "Sydney AUS"]
[Date "2015.01.08"]
[Round "8.2"]
[White "Illingworth, Max"]
[Black "Cheng, Bobby"]
[Result "1/2-1/2"]
[WhiteTitle "IM"]
[BlackTitle "IM"]
[WhiteElo "2476"]
[BlackElo "2436"]
[WhiteFideId "3205207"]
[BlackFideId "4300033"]
[EventDate "2015.01.02"]

1. e4 e6 2. d4 d5 3. Nc3 Bb4 4. e5 c5 5. a3 Bxc3+ 6. bxc3 Qa5 7. Bd2 Qa4 8. Qg4
Kf8 9. Qd1 b6 10. dxc5 bxc5 11. Nf3 Ne7 12. Be2 Ba6 13. Bxa6 Qxa6 14. Qe2 Nc8
15. Be3 Qc6 16. Rb1 Nb6 17. Qb5 Qxb5 18. Rxb5 N8d7 19. Bxc5+ Nxc5 20. Rxc5 Ke7
21. Rc7+ Nd7 22. c4 dxc4 23. Ke2 Rhc8 24. Rb7 Ke8 25. Rd1 Nc5 26. Rb4 Nd7 27.
Rd4 Nb6 28. Nd2 Rc5 29. f4 Rd8 30. Rxd8+ Kxd8 31. Ne4 Ra5 32. Nd6 Rxa3 33. Nxf7+
Kd7 34. Kd2 Ra1 35. Ke2 Kc6 36. Nd8+ Kc5 37. c3 Ra2+ 38. Kf3 Rc2 39. Nxe6+ Kd5
40. Nc7+ Kc5 41. Na6+ Kc6 42. Rxc4+ Kb5 43. Nb4 Kxc4 44. Nxc2 a5 45. e6 Nc8 46.
Ne3+ Kxc3 47. Nd5+ Kd4 48. Nb6 Ne7 49. g4 g6 50. h4 Kc5 51. Nd7+ Kd4 52. Nb6 Kc5 1/2-1/2

[Event "Australian Open 2015"]
[Site "Sydney AUS"]
[Date "2015.01.08"]
[Round "8.3"]
[White "Kazhgaleyev, Murtas"]
[Black "Johansen, Darryl K."]
[Result "1-0"]
[WhiteTitle "GM"]
[BlackTitle "GM"]
[WhiteElo "2573"]
[BlackElo "2404"]
[WhiteFideId "13700316"]
[BlackFideId "3200035"]
[EventDate "2015.01.02"]

1. d4 e6 2. c4 Bb4+ 3. Nc3 c5 4. Nf3 cxd4 5. Nxd4 Nf6 6. g3 O-O 7. Bg2 d5 8.
cxd5 Nxd5 9. Bd2 Bc5 10. Nb3 Bb6 11. Nxd5 exd5 12. Bc3 Be6 13. O-O Nc6 14. e3
Qg5 15. a4 a6 16. Nd4 Ba7 17. f4 Qh6 18. Qd3 Bh3 19. Nf3 Rfe8 20. Rfe1 Bxg2 21.
Kxg2 Rad8 22. Rad1 Qe6 23. b4 h6 24. b5 axb5 25. axb5 Ne7 26. Bd4 Bxd4 27. exd4
Qd7 28. Re2 Ng6 29. Ne5 Nxe5 30. dxe5 d4 31. Re4 Qd5 32. Kf2 Qc5 33. Kf3 Ra8 34.
Qxd4 Qxb5 35. Qd5 Qb2 36. Re2 Qb6 37. Qd6 Qb5 38. Qd3 Qc6+ 39. Qe4 Ra3+ 40. Re3
Rxe3+ 41. Kxe3 Qc5+ 42. Kf3 b5 43. Rd7 b4 44. Rb7 Qc3+ 45. Kg2 Qd2+ 46. Kh3 Qd1
47. Rxb4 Rd8 48. Rb2 h5 49. Re2 Rd4 50. Qa8+ Kh7 51. Qf3 g6 52. f5 Rd3 53. fxg6+
fxg6 54. Qf7+ Kh8 55. Re4 Rf3 56. Qxg6 Qf1+ 57. Kh4 Rf4+ 58. Kg5 1-0

[Event "Australian Open 2015"]
[Site "Sydney AUS"]
[Date "2015.01.08"]
[Round "8.4"]
[White "Ryjanova, Julia"]
[Black "Zhao, Zong-Yuan"]
[Result "1/2-1/2"]
[WhiteTitle "WGM"]
[BlackTitle "GM"]
[WhiteElo "2413"]
[BlackElo "2564"]
[WhiteFideId "4127714"]
[BlackFideId "3202534"]
[EventDate "2015.01.02"]

1. d4 Nf6 2. c4 g6 3. Nf3 Bg7 4. g3 d5 5. Bg2 dxc4 6. O-O O-O 7. Na3 c3 8. bxc3
c5 9. Nc4 Nc6 10. e3 Be6 11. Ncd2 Rc8 12. Ba3 Qa5 13. Bb2 cxd4 14. cxd4 Qb5 15.
Ba3 Qa6 16. Bb2 Nb4 17. Ng5 Bxa2 18. Nde4 Qb6 19. Ba3 Bc4 20. Bxb4 Qxb4 21. Re1
b5 22. Rxa7 Nd5 23. Qa1 Bd3 24. Rd1 Bc2 25. Rc1 h6 26. Nh3 Rc4 27. Nd2 Rxd4 28.
exd4 Bxd4 29. Rxc2 Bxa1 30. Rxa1 Nc3 31. Nf4 g5 32. Rac1 gxf4 33. Rxc3 Rd8 34.
Nf1 Qb2 35. R3c2 Qa3 36. Rc3 Qa4 37. gxf4 Qxf4 38. Rb1 b4 39. Rf3 Qh4 40. Rg3+
Kf8 41. Rh3 Qf4 42. Rhb3 Rd4 43. Ra1 f5 44. Rab1 e6 45. Re1 Kf7 46. Rbe3 Qd6 47.
Ra1 Rd3 48. Ra7+ Kf6 49. Re1 Rd1 50. Re3 Rd3 51. Re1 h5 52. Rb7 h4 53. h3 f4 54.
Nh2 Rd1 55. Ng4+ Kg5 56. Rg7+ Kh5 57. Rh7+ Kg5 58. Rg7+ Kh5 59. Rh7+ 1/2-1/2

[Event "Australian Open 2015"]
[Site "Sydney AUS"]
[Date "2015.01.08"]
[Round "8.5"]
[White "Smerdon, David"]
[Black "Morris, James"]
[Result "1/2-1/2"]
[WhiteTitle "GM"]
[BlackTitle "IM"]
[WhiteElo "2519"]
[BlackElo "2378"]
[WhiteFideId "3202305"]
[BlackFideId "3205800"]
[EventDate "2015.01.02"]

1. e4 e6 2. d4 d5 3. Nc3 Nf6 4. e5 Nfd7 5. f4 c5 6. Nf3 Nc6 7. Be3 a6 8. Qd2 b5
9. dxc5 Bxc5 10. Bd3 Qb6 11. Bf2 O-O 12. O-O f6 13. Rae1 fxe5 14. Bxh7+ Kh8 15.
Ng5 Nf6 16. Qd1 Bxf2+ 17. Rxf2 e4 18. Bg6 Kg8 19. Ncxe4 dxe4 20. Bxe4 Rd8 21.
Qf3 Rd2 22. Rf1 Nd4 23. Bh7+ Nxh7 24. Qh5 Nxg5 1/2-1/2

[Event "Australian Open 2015"]
[Site "Sydney AUS"]
[Date "2015.01.08"]
[Round "8.6"]
[White "Bjelobrk, Igor"]
[Black "Papin, Vasily"]
[Result "1/2-1/2"]
[WhiteTitle "IM"]
[BlackTitle "GM"]
[WhiteElo "2361"]
[BlackElo "2513"]
[WhiteFideId "4300726"]
[BlackFideId "4143183"]
[EventDate "2015.01.02"]

1. Nf3 c5 2. c4 Nc6 3. Nc3 g6 4. e3 Nf6 5. d4 cxd4 6. exd4 d5 7. cxd5 Nxd5 8.
Qb3 Nxc3 9. Bc4 Nd5 10. Bxd5 e6 11. Bxc6+ bxc6 12. O-O Qd5 13. Bf4 f6 14. Rfc1
Be7 15. Be3 Bd7 16. Rc4 Kf7 17. Qc2 Rhd8 18. Re1 Rab8 19. b3 Be8 20. h3 Kg8 21.
Nd2 g5 22. Ne4 Bg6 23. f3 Be8 24. Bf2 Qf5 25. Qe2 Qg6 26. Nc5 Bxc5 27. Rxc5 Bd7
28. Qa6 Ra8 29. Ra5 Qf7 30. Qc4 1/2-1/2

[Event "Australian Open 2015"]
[Site "Sydney AUS"]
[Date "2015.01.08"]
[Round "8.7"]
[White "Khamatgaleev, Alexej"]
[Black "Cameron, Alistair"]
[Result "1-0"]
[WhiteTitle "IM"]
[WhiteElo "2429"]
[BlackElo "2108"]
[WhiteFideId "4123549"]
[BlackFideId "3209393"]
[EventDate "2015.01.02"]

1. e4 c5 2. Nf3 d6 3. Bb5+ Nc6 4. O-O Bd7 5. Re1 Nf6 6. c3 a6 7. Bf1 Bg4 8. h3
Bh5 9. d3 e6 10. g4 Bg6 11. Nh4 d5 12. g5 Bh5 13. Qb3 Na5 14. Qa4+ b5 15. Qc2
Ng8 16. exd5 Qxd5 17. Bg2 Qd8 18. Bxa8 Qxa8 19. a4 b4 20. cxb4 cxb4 21. Nd2 Ne7
22. Nc4 Nxc4 23. dxc4 Nc6 24. Qe4 Bc5 25. Be3 Bxe3 26. Rxe3 O-O 27. Rd3 Qc8 28.
Re1 Qc7 29. b3 e5 30. Qd5 1-0

[Event "Australian Open 2015"]
[Site "Sydney AUS"]
[Date "2015.01.08"]
[Round "8.8"]
[White "Ikeda, Junta"]
[Black "Wallis, Christopher"]
[Result "1/2-1/2"]
[WhiteTitle "IM"]
[BlackTitle "FM"]
[WhiteElo "2416"]
[BlackElo "2348"]
[WhiteFideId "3204731"]
[BlackFideId "3204839"]
[EventDate "2015.01.02"]

1. Nf3 d5 2. c4 d4 3. g3 Nc6 4. Bg2 e5 5. d3 Nf6 6. O-O Nd7 7. e3 Be7 8. exd4
Nxd4 9. Nc3 c6 10. Re1 Nxf3+ 11. Qxf3 O-O 12. Qe2 Re8 13. Be3 Nf8 14. Rad1 Ne6
15. Qh5 Nd4 16. Bxd4 exd4 17. Ne4 g6 18. Qh6 Bg4 19. f3 Be6 20. h4 Bf5 21. Qd2
Qc7 22. f4 a5 23. a3 a4 24. Bf3 h5 25. Qf2 Qd7 26. Rd2 Kg7 27. Kh2 Bf8 28. Rde2
f6 29. Qg1 Re6 1/2-1/2

[Event "Australian Open 2015"]
[Site "Sydney AUS"]
[Date "2015.01.08"]
[Round "8.9"]
[White "Schon, Eugene"]
[Black "Jones, Richard S."]
[Result "1-0"]
[WhiteTitle "FM"]
[BlackTitle "IM"]
[WhiteElo "2318"]
[BlackElo "2414"]
[WhiteFideId "3205690"]
[BlackFideId "1800833"]
[EventDate "2015.01.02"]

1. e4 e5 2. Nf3 Nf6 3. Nxe5 d6 4. Nf3 Nxe4 5. d4 d5 6. Bd3 Nc6 7. O-O Be7 8. Nc3
Nxc3 9. bxc3 Bg4 10. Rb1 Rb8 11. h3 Bh5 12. Bf5 O-O 13. Qd3 Bg6 14. Re1 Qd6 15.
h4 Rfe8 16. h5 Bxf5 17. Qxf5 b6 18. Bf4 Qf6 19. Qxd5 Qxf4 20. Qxc6 Qd6 21. Qa4
Qa3 22. Qc4 Bf6 23. Nd2 Rbc8 24. Ne4 Be7 25. Re3 h6 26. Rbe1 Rf8 27. Rf3 Bd6 28.
g4 Rce8 29. Kg2 Re7 30. Ree3 Qc1 31. Nxd6 Rxe3 32. Rxf7 Rxf7 33. Qxf7+ Kh8 34.
Nf5 1-0

[Event "Australian Open 2015"]
[Site "Sydney AUS"]
[Date "2015.01.08"]
[Round "8.10"]
[White "Ly, Moulthun"]
[Black "Nakauchi, Gene"]
[Result "1-0"]
[WhiteTitle "IM"]
[BlackTitle "FM"]
[WhiteElo "2460"]
[BlackElo "2213"]
[WhiteFideId "3204405"]
[BlackFideId "3200698"]
[EventDate "2015.01.02"]

1. e4 c5 2. Nc3 Nc6 3. Nge2 g6 4. d4 cxd4 5. Nxd4 Bg7 6. Be3 Nf6 7. Bc4 d6 8. h3
Bd7 9. O-O O-O 10. Bb3 Na5 11. Re1 Rc8 12. Qd3 a6 13. Bg5 b5 14. Nd5 Nxd5 15.
exd5 Re8 16. c3 Nc4 17. Re2 Qb6 18. Rae1 Qc5 19. Qe4 e5 20. dxe6 fxe6 21. Qg4
Qa7 22. Qh4 e5 23. Nf3 Be6 24. Bf6 Rf8 25. Bxg7 Kxg7 26. Qg3 Rce8 27. Ng5 Bg8
28. h4 Nb6 29. h5 Bxb3 30. axb3 Rf5 31. hxg6 hxg6 32. Qh4 Kg8 33. Ne4 Qe7 34.
Qxe7 Rxe7 35. Nxd6 Rh5 36. Ne4 Kf7 37. Rd2 Rd7 38. Ra1 Rxd2 39. Nxd2 Nd5 40.
Rxa6 Nf4 41. g3 Nd3 42. Rd6 Nc1 43. Kg2 b4 44. cxb4 e4 45. Nxe4 Nxb3 46. Rd1 Ke6
47. Nd2 Nxd2 48. Rxd2 Rb5 49. Rd4 Ke5 50. Rc4 Kf6 51. Kf3 Kg7 52. Ke3 Re5+ 53.
Re4 Rb5 54. Kd3 Rd5+ 55. Kc3 Kf6 56. f4 Rd1 57. Re5 Rf1 58. Rg5 Rc1+ 59. Kb3 Re1
60. Ka4 Ra1+ 61. Kb3 Re1 62. b5 Re6 63. Kb4 Rd6 64. Kc5 Rd3 65. b4 Rc3+ 66. Kd4
Rc8 67. b6 Rb8 68. Kc5 Rc8+ 69. Kd6 Rc4 70. b5 Rd4+ 71. Rd5 Re4 72. b7 Re8 73.
Kc7 1-0

[Event "Australian Open 2015"]
[Site "Sydney AUS"]
[Date "2015.01.09"]
[Round "9.1"]
[White "Ni, Hua"]
[Black "Khamatgaleev, Alexej"]
[Result "1-0"]
[WhiteTitle "GM"]
[BlackTitle "IM"]
[WhiteElo "2689"]
[BlackElo "2429"]
[WhiteFideId "8601160"]
[BlackFideId "4123549"]
[EventDate "2015.01.02"]

1. e4 e5 2. Nf3 Nc6 3. Bb5 a6 4. Ba4 d6 5. O-O Bd7 6. c3 g6 7. d4 Bg7 8. Re1 Qe7
9. d5 Nb8 10. c4 Bxa4 11. Qxa4+ Nd7 12. Nc3 Nf6 13. Qc2 a5 14. a3 O-O 15. Bd2 c6
16. Bg5 Rfc8 17. Nd2 Qf8 18. dxc6 bxc6 19. b4 d5 20. c5 Rcb8 21. exd5 Nxd5 22.
Nxd5 cxd5 23. c6 Rc8 24. b5 a4 25. f3 Nb6 26. Be3 d4 27. Bf2 Rab8 28. Qd3 Nd5
29. Ne4 Qd8 30. Rec1 Kh8 31. Qc4 Bh6 32. Re1 f5 33. Nc5 Nc3 34. Rxe5 Bg7 35. Ne6
Qg8 36. Bxd4 1-0

[Event "Australian Open 2015"]
[Site "Sydney AUS"]
[Date "2015.01.09"]
[Round "9.2"]
[White "Illingworth, Max"]
[Black "Khusnutdinov, Rustam"]
[Result "1/2-1/2"]
[WhiteTitle "IM"]
[BlackTitle "GM"]
[WhiteElo "2476"]
[BlackElo "2476"]
[WhiteFideId "3205207"]
[BlackFideId "13701703"]
[EventDate "2015.01.02"]

1. d4 Nf6 2. Nf3 g6 3. c4 Bg7 4. Nc3 d5 5. cxd5 Nxd5 6. e4 Nxc3 7. bxc3 c5 8.
Be3 Qa5 9. Nd2 Bd7 10. Rb1 Qxc3 11. dxc5 Bc6 12. Bc4 O-O 13. O-O Nd7 14. Qe2
Rfd8 15. Rfc1 1/2-1/2

[Event "Australian Open 2015"]
[Site "Sydney AUS"]
[Date "2015.01.09"]
[Round "9.3"]
[White "Cheng, Bobby"]
[Black "Schon, Eugene"]
[Result "1/2-1/2"]
[WhiteTitle "IM"]
[BlackTitle "FM"]
[WhiteElo "2436"]
[BlackElo "2318"]
[WhiteFideId "4300033"]
[BlackFideId "3205690"]
[EventDate "2015.01.02"]

1. b3 e5 2. Bb2 Nc6 3. e3 d5 4. Bb5 f6 5. d4 exd4 6. Qxd4 a6 7. Bxc6+ bxc6 8. e4
Bd6 9. Nc3 Ne7 10. O-O-O c5 11. Qd2 d4 12. Nb1 Be6 13. Ne2 Nc6 14. c3 1/2-1/2

[Event "Australian Open 2015"]
[Site "Sydney AUS"]
[Date "2015.01.09"]
[Round "9.4"]
[White "Zhao, Zong-Yuan"]
[Black "Bjelobrk, Igor"]
[Result "1-0"]
[WhiteTitle "GM"]
[BlackTitle "IM"]
[WhiteElo "2564"]
[BlackElo "2361"]
[WhiteFideId "3202534"]
[BlackFideId "4300726"]
[EventDate "2015.01.02"]

1. e4 e5 2. Nf3 Nc6 3. Bb5 Nf6 4. d3 Bc5 5. Bxc6 dxc6 6. Nbd2 O-O 7. Nc4 Ng4 8.
O-O f5 9. Qe2 fxe4 10. dxe4 Qe7 11. h3 b5 12. hxg4 bxc4 13. Bg5 Qe6 14. Be3 Bb6
15. g5 c3 16. bxc3 a5 17. Rfb1 Ba6 18. Qe1 c5 19. Nd2 a4 20. Qc1 Qc6 21. Qa3
Rad8 22. Rd1 Rd6 23. Nf3 Qxe4 24. Bxc5 Rxf3 25. Rxd6 cxd6 26. Bxb6 Bb7 27. Qxd6
Rg3 28. Qe6+ 1-0

[Event "Australian Open 2015"]
[Site "Sydney AUS"]
[Date "2015.01.09"]
[Round "9.5"]
[White "Solomon, Stephen J."]
[Black "Smerdon, David"]
[Result "1/2-1/2"]
[WhiteTitle "IM"]
[BlackTitle "GM"]
[WhiteElo "2372"]
[BlackElo "2519"]
[WhiteFideId "3200043"]
[BlackFideId "3202305"]
[EventDate "2015.01.02"]

1. e4 c5 2. Nf3 Nc6 3. d4 cxd4 4. Nxd4 g6 5. c4 Bg7 6. Be3 Nf6 7. Nc3 d6 8. Be2
O-O 9. Nc2 Nd7 10. O-O Nc5 11. f3 Qa5 12. b4 Nxb4 13. Nxb4 Bxc3 14. Nd5 Re8 15.
Rb1 Be5 16. f4 Bg7 17. e5 Qd8 18. Bf3 Rb8 19. Bxc5 dxc5 20. Qa4 Bf5 21. Rbd1 a6
22. g4 Be6 23. Qc2 Qc8 24. Nb6 Qc7 25. Nd5 Qc8 26. Nb6 Qc7 27. Nd5 Qa5 28. h4 b5
29. cxb5 Rxb5 30. f5 gxf5 31. gxf5 Bxd5 32. Bxd5 Rb4 33. Bc4 Qa4 34. Qxa4 Rxa4
35. Rf4 Kh8 36. Rd5 Rc8 37. Kg2 e6 38. fxe6 fxe6 39. Rd7 Bxe5 40. Rg4 h5 41. Rg5
Rxc4 42. Rxh5+ Kg8 43. Rxe5 Rg4+ 44. Kf3 Rg6 45. h5 Rf6+ 46. Ke2 c4 47. Rg5+ Kh8
48. Rgg7 Rh6 49. Rc7 Rxc7 50. Rxc7 Rxh5 51. Rxc4 Kg7 52. Rc6 Re5+ 53. Kd3 a5 54.
a4 Kf6 55. Ra6 Rg5 56. Ke3 Rd5 57. Ke4 Ke7 58. Ra7+ Kf6 59. Ra6 Rg5 60. Ke3 Re5+
61. Kd3 Kf5 62. Ra8 Kf4 63. Re8 Re4 64. Rh8 Re1 65. Rh4+ Kg5 66. Rc4 Kf5 67.
Rc5+ Re5 68. Rc8 Kf4 69. Re8 Re3+ 70. Kc4 Re4+ 71. Kb5 Re5+ 72. Kc4 Ke3 73. Re7
Kd2 74. Rh7 Rg5 75. Re7 Re5 76. Rh7 Kc2 77. Rh2+ Kc1 78. Kd4 Rd5+ 79. Kc4 Kd1
80. Rh6 Re5 81. Kd4 Re2 82. Rh5 Rd2+ 83. Kc4 Rc2+ 1/2-1/2

[Event "Australian Open 2015"]
[Site "Sydney AUS"]
[Date "2015.01.09"]
[Round "9.6"]
[White "Papin, Vasily"]
[Black "Ikeda, Junta"]
[Result "1-0"]
[WhiteTitle "GM"]
[BlackTitle "IM"]
[WhiteElo "2513"]
[BlackElo "2416"]
[WhiteFideId "4143183"]
[BlackFideId "3204731"]
[EventDate "2015.01.02"]

1. Nf3 g6 2. e4 Bg7 3. d4 d6 4. Bc4 e6 5. Nc3 Ne7 6. Be3 a6 7. a4 d5 8. Bd3 Nbc6
9. Qd2 h6 10. O-O b6 11. exd5 exd5 12. Rfe1 Bg4 13. Be2 Qd7 14. Bf4 f6 15. h3
Be6 16. Bxa6 Rxa6 17. Qe2 g5 18. Bh2 g4 19. hxg4 Bxg4 20. Qxa6 Bxf3 21. gxf3 Kf7
22. Qd3 h5 23. Ne2 Bh6 24. Kh1 Nb4 25. Qc3 Nec6 26. f4 Qg4 27. Rad1 Rg8 28. Qg3
Qf5 29. Qf3 Nxc2 30. Rg1 Rxg1+ 31. Kxg1 h4 32. Nc3 N6b4 33. Nb5 Bf8 34. Nxc7 Bd6
35. Nb5 Bb8 36. Kh1 Nc6 37. Qd3 Ne7 38. Qxf5 Nxf5 39. Rc1 Ncxd4 40. Nxd4 Nxd4
41. Rd1 Nf5 42. Rxd5 Ke6 43. Rb5 Ba7 44. Kg2 Nd6 45. Rh5 f5 46. f3 b5 47. axb5
Be3 48. Bg1 Bxf4 49. Rxh4 Be5 50. b6 Kd5 1-0

[Event "Australian Open 2015"]
[Site "Sydney AUS"]
[Date "2015.01.09"]
[Round "9.7"]
[White "Morris, James"]
[Black "Ly, Moulthun"]
[Result "0-1"]
[WhiteTitle "IM"]
[BlackTitle "IM"]
[WhiteElo "2378"]
[BlackElo "2460"]
[WhiteFideId "3205800"]
[BlackFideId "3204405"]
[EventDate "2015.01.02"]

1. e4 e5 2. Nf3 Nc6 3. Nc3 Nf6 4. a3 d5 5. exd5 Nxd5 6. Bb5 Nxc3 7. bxc3 Bd6 8.
O-O O-O 9. Re1 Re8 10. d3 Bg4 11. h3 Bh5 12. Qe2 Qd7 13. Qe4 f5 14. Qc4+ Kh8 15.
Ng5 e4 16. d4 a6 17. Bxc6 bxc6 18. h4 f4 19. Bd2 f3 20. Rxe4 Rxe4 21. Nxe4 fxg2
22. Ng5 Re8 23. Qd3 Bg6 24. Qf3 h6 25. h5 Bf5 26. Qxg2 hxg5 27. Bxg5 Bh3 28. Qf3
Bg4 29. Qh1 Qf5 30. Qh4 Bf3 31. h6 Re4 0-1

[Event "Australian Open 2015"]
[Site "Sydney AUS"]
[Date "2015.01.09"]
[Round "9.8"]
[White "Wallis, Christopher"]
[Black "Ryjanova, Julia"]
[Result "1/2-1/2"]
[WhiteTitle "FM"]
[BlackTitle "WGM"]
[WhiteElo "2348"]
[BlackElo "2413"]
[WhiteFideId "3204839"]
[BlackFideId "4127714"]
[EventDate "2015.01.02"]

1. d4 Nf6 2. c4 e6 3. Nc3 Bb4 4. e3 O-O 5. Ne2 d5 6. a3 Be7 7. cxd5 exd5 8. Nf4
c6 9. Bd3 Na6 10. O-O Nc7 11. b4 1/2-1/2

[Event "Australian Open 2015"]
[Site "Sydney AUS"]
[Date "2015.01.09"]
[Round "9.9"]
[White "Jones, Richard S."]
[Black "De Paiva, Pedro Henrique"]
[Result "1-0"]
[WhiteTitle "IM"]
[WhiteElo "2414"]
[BlackElo "2285"]
[WhiteFideId "1800833"]
[BlackFideId "2109000"]
[EventDate "2015.01.02"]

1. d4 c5 2. d5 e5 3. e4 d6 4. Nc3 Be7 5. Nf3 Nf6 6. Be2 O-O 7. O-O Nbd7 8. a4
Ne8 9. a5 a6 10. Ra3 Rb8 11. Nd2 Bg5 12. Nc4 g6 13. Bg4 h6 14. Rb3 f5 15. exf5
gxf5 16. Bh3 Bxc1 17. Qxc1 Qh4 18. f4 Rf6 19. Qe1 Qxe1 20. Rxe1 e4 21. Nd1 Ng7
22. Nde3 h5 23. g3 Kf7 24. Kf2 Ke7 25. Bf1 Rf8 26. Be2 Nf6 27. Rb6 Nge8 28. h3
Nd7 29. Rb3 Ndf6 30. Nb6 Ng7 31. Ra1 Kd8 32. Raa3 Kc7 33. Rc3 Nd7 34. Nxd7 Kxd7
35. Rab3 Ke7 36. Bxa6 Ne8 37. Be2 Ra8 38. Nc4 Nc7 39. Nb6 Rxa5 40. Bxh5 Nb5 41.
Re3 Rh8 42. g4 Bd7 43. c3 c4 44. Nxc4 Ra1 45. Nb6 fxg4 46. Rxe4+ Kd8 47. hxg4
Bf5 48. gxf5 Rxh5 49. Rxb5 Rh2+ 50. Kg3 Rah1 51. f6 1-0

[Event "Australian Open 2015"]
[Site "Sydney AUS"]
[Date "2015.01.09"]
[Round "9.10"]
[White "Cameron, Alistair"]
[Black "Yap, Kim Steven"]
[Result "0-1"]
[BlackTitle "IM"]
[WhiteElo "2108"]
[BlackElo "2416"]
[WhiteFideId "3209393"]
[BlackFideId "5202809"]
[EventDate "2015.01.02"]

1. d4 Nf6 2. c4 g6 3. Nc3 d5 4. cxd5 Nxd5 5. e4 Nxc3 6. bxc3 Bg7 7. Bc4 c5 8.
Ne2 Nc6 9. Be3 O-O 10. O-O Qc7 11. Rc1 Rd8 12. Bf4 Be5 13. Bg3 Bxg3 14. fxg3 Ne5
15. Bd5 e6 16. dxe5 exd5 17. exd5 Qxe5 18. Nf4 Bf5 19. Re1 Qd6 20. Qe2 Bd7 21.
Qe7 Qxe7 22. Rxe7 b6 23. Kf2 Kf8 24. Re5 Re8 25. Rxe8+ Rxe8 26. Kf3 Ke7 27. g4
Kd6 28. Rd1 Bb5 29. h4 h6 30. g5 hxg5 31. hxg5 Bc4 32. a4 Bb3 33. Ra1 Bxd5+ 34.
Kg4 Bb3 35. a5 b5 36. Rb1 Bc4 37. Rd1+ Kc6 38. Kf3 a6 39. Rd2 b4 0-1

[Event "Australian Open 2015"]
[Site "Sydney AUS"]
[Date "2015.01.10"]
[Round "10.1"]
[White "Ly, Moulthun"]
[Black "Ni, Hua"]
[Result "0-1"]
[WhiteTitle "IM"]
[BlackTitle "GM"]
[WhiteElo "2460"]
[BlackElo "2689"]
[WhiteFideId "3204405"]
[BlackFideId "8601160"]
[EventDate "2015.01.02"]

1. d4 Nf6 2. c4 e6 3. Nf3 d5 4. Nc3 Bb4 5. cxd5 exd5 6. Bg5 h6 7. Bh4 c5 8. e3
c4 9. Nd2 g5 10. Bg3 Bf5 11. Be5 Bxc3 12. bxc3 Nbd7 13. Bd6 Qb6 14. Bb4 a5 15.
Ba3 Qc6 16. Be2 b5 17. O-O Rb8 18. f3 b4 19. Bb2 O-O 20. Rc1 Rfe8 21. e4 dxe4
22. cxb4 exf3 23. Rxf3 Rxe2 24. Qxe2 Bg4 25. Rxf6 Nxf6 26. Qe5 Nd7 27. Qxa5 Be6
28. a4 Ra8 29. b5 Qxg2+ 30. Kxg2 Rxa5 31. Nxc4 Rxa4 32. Nd6 Rb4 33. Bc3 Rb3 34.
Ba5 h5 35. Rc7 h4 36. Kg1 Rb1+ 37. Kf2 Rb2+ 38. Kg1 Bh3 39. Rc3 g4 40. Bd8 Rg2+
41. Kh1 Rb2 42. Kg1 f6 43. Rc1 Kg7 44. b6 Kg6 45. b7 Bg2 46. Nc4 Re2 47. Rb1 Be4
48. Bxf6 Rg2+ 49. Kf1 Rxh2 50. Rb6 Kh7 51. Ne5 g3 52. b8=Q Nxb8 53. Rxb8 Rf2+
54. Kg1 Rxf6 55. Re8 Ra6 56. Re7+ Kg8 57. Re8+ Kg7 58. Re7+ Kf6 59. Rf7+ Kg5 60.
Rf1 h3 0-1

[Event "Australian Open 2015"]
[Site "Sydney AUS"]
[Date "2015.01.10"]
[Round "10.2"]
[White "Cheng, Bobby"]
[Black "Khusnutdinov, Rustam"]
[Result "1-0"]
[WhiteTitle "IM"]
[BlackTitle "GM"]
[WhiteElo "2436"]
[BlackElo "2476"]
[WhiteFideId "4300033"]
[BlackFideId "13701703"]
[EventDate "2015.01.02"]

1. d4 Nf6 2. c4 g6 3. Nc3 d5 4. cxd5 Nxd5 5. e4 Nxc3 6. bxc3 Bg7 7. Qa4+ Qd7 8.
Qb3 O-O 9. Be3 b6 10. Nf3 Bb7 11. Bd3 c5 12. O-O cxd4 13. cxd4 Nc6 14. Bb5 Qd6
15. e5 Qd8 16. Qd1 Na5 17. Qe2 Qd5 18. Rfc1 Rac8 19. h3 e6 20. Ba6 Rfd8 21. Bg5
Re8 22. Bxb7 Qxb7 23. Qe3 Nc6 24. Nd2 Ne7 25. g4 Nd5 26. Qf3 h6 27. Be3 Rxc1+
28. Rxc1 Rc8 29. Rxc8+ Qxc8 30. Ne4 Qd8 31. Nd6 f6 32. exf6 Bxf6 33. Ne4 Bg7 34.
Bd2 Qf8 35. Qd3 Qf7 36. Nd6 Qd7 37. Nc4 Ne7 38. Be3 e5 39. Qb3 Kh7 40. Nxe5 Qd5
41. Qa3 Nc8 42. Qa6 Qe6 43. Qb7 a5 44. Bxh6 Qe7 45. Qxc8 Kxh6 46. Nf3 Qa3 47.
Kg2 Qxa2 48. Qd8 Kh7 49. Ng5+ Kh6 50. Ne6 Kh7 51. Qd7 1-0

[Event "Australian Open 2015"]
[Site "Sydney AUS"]
[Date "2015.01.10"]
[Round "10.3"]
[White "Kazhgaleyev, Murtas"]
[Black "Papin, Vasily"]
[Result "1/2-1/2"]
[WhiteTitle "GM"]
[BlackTitle "GM"]
[WhiteElo "2573"]
[BlackElo "2513"]
[WhiteFideId "13700316"]
[BlackFideId "4143183"]
[EventDate "2015.01.02"]

1. d4 d5 2. c4 e6 3. Nc3 c6 4. e3 Nf6 5. Nf3 a6 6. c5 b6 7. cxb6 Nbd7 8. Bd3 c5
9. b3 cxd4 10. exd4 Bb4 11. Bd2 Qxb6 12. Na4 Qb8 13. O-O a5 14. Bxb4 Qxb4 15.
Rc1 O-O 16. Rc7 Nb6 17. Nc5 Nbd7 18. Na4 Nb6 19. Nxb6 Qxb6 20. Qc2 a4 21. b4
Qxb4 22. Rb1 Qd6 23. Ng5 Bd7 24. Bxh7+ Kh8 25. Bd3 Qf4 26. Nf3 Rfc8 27. Rbb7
Rxc7 28. Rxc7 Kg8 29. Qc3 Be8 30. Ne5 Ng4 31. Nxg4 Qxg4 32. h3 Qd1+ 33. Kh2 a3
34. Bc2 Qe2 35. f4 Qb5 36. Qe3 Qb6 37. Rc5 Qb8 38. h4 Ba4 39. Bd3 Qb2 40. Qe5
Qf2 41. Kh3 Bd1 42. f5 exf5 43. Bxf5 Qxa2 44. Rc7 Qb3+ 45. Kh2 Qb6 46. Rxf7 Kxf7
47. Qxd5+ Kf6 48. Qe5+ Kf7 49. Qd5+ Kf6 50. Qe5+ Kf7 51. Qd5+ 1/2-1/2